000 00359nam a22001457a 4500
003 OSt
005 20160727222522.0
008 160709b xxu||||| |||| 00| 0 eng d
040 _cTEST
100 _92487
_a Thairani, K
245 _aThe Wise and the Wily
260 _aN.D
_b National Book Trust
_c1982
300 _aThe Wise and the Wily
942 _2ddc
_cBK
999 _c2154
_d2154